| 000 | 01102nam a22002657a 4500 | ||
|---|---|---|---|
| 005 | 20101206113148.0 | ||
| 008 | 101206t xxu||||| |||| 00| 0 hin d | ||
| 010 | _aHIN-91339 | ||
| 020 |
_c175.00 _a9789380511023 |
||
| 035 | _aHN-63685 | ||
| 037 | _bDBAD/PUB | ||
| 040 |
_aDPL _bHN |
||
| 082 | _a921 | ||
| 100 |
_924598 _aश्रीरंग पांडूरंग वट्टमवार |
||
| 245 |
_aकुटजःएक अनुशीलन / _cश्रीरंग पांडूरंग वट्टमवार |
||
| 246 |
_aKutaj_ak anusheelan _bby Shrirang Pandurang Vattamwar |
||
| 260 |
_aकानपुर _bसमता प्रकाशन _c2010 |
||
| 270 |
_aबजरंगनगर, रूरा _bकानपुर _e209303 _k09450139012 |
||
| 300 |
_a88पृ. _c22सेमी (अजिल्द) |
||
| 650 | _91169 | ||
| 700 | _924599 | ||
| 700 | _924924 | ||
| 942 |
_2ddc _cHN _mश्रीरंग |
||
| 999 |
_c49300 _d49300 |
||